| 000 | 00446nam a22001217a 4500 | ||
|---|---|---|---|
| 005 | 20251119153517.0 | ||
| 100 |
_aFiallo-Olivé, Elvira, Ed. _aSacristán, Soledad, Ed. _a Palacio-Bielsa, Ana, Ed. |
||
| 245 | _aPlant Pathogenic Microorganisms: State-of-the-Art Research in Spain | ||
| 260 |
_bMDPI - Multidisciplinary Digital Publishing Institute Publisher website _c2023 |
||
| 300 | _a192p. | ||
| 856 | _u10.3390/books978-3-0365-7338-0 | ||
| 942 | _cBK | ||
| 999 |
_c75760 _d75760 |
||